00510nam a2200169Ia 4500003000400000008004100004040001600045082001900061100001500080245010300095260006300198300001000261650002000271650001000291650001700301650002200318GCL140319s9999 xx 000 0 eng d aGCL / cGCL04aCCb297.8bA T1 aVOLL, JOHN10aTOWARD AN ISLAMIC REFORMATION: CIVIL LIBERTIES, HUMAN RIGHTS, AND INTERNATIONAL LAW / cVOLL, JOHN a[S.N] : bTHE AMERICAN UNIVERSITY IN CAIRO PRESS ، c1992 a253 P04aJURIS PRUDENCES04aHUMAN04aHUMAN RIGHTS04aINTERNATIONAL LAW